[Event "Recife Dokmus op"]
[Site "Recife"]
[Date "2013.01.18"]
[Round "3"]
[White "De Soares, Leonardo Colares"]
[Black "Schucman, Rebeca Lot"]
[Result "1-0"]
[WhiteElo "2204"]
[BlackElo "1633"]
[PlyCount "51"]
[EventDate "2013.01.17"]
[EventType "swiss"]
[EventRounds "7"]
[EventCountry "BRA"]
[SourceTitle "CBM 152 Extra"]
[Source "ChessBase"]
[SourceDate "2013.02.25"]
[SourceVersion "1"]
[SourceVersionDate "2013.02.25"]
[SourceQuality "1"]

1. c4 c5 2. g3 Nc6 3. Bg2 g6 4. Nc3 Bg7 5. a3 Nf6 6. Rb1 a5 7. e4 d6 8. Nge2 0-0 9. 0-0 Ne8 10. d3 Nc7 11. f4 Ne6 12. f5 Ned4 13. g4 Rb8 14. a4 Nxe2+ 15. Nxe2 Nd4 16. Be3 Nxe2+ 17. Qxe2 Bd7 18. b3 e6 19. Qf2 e5 20. f6 Bh8 21. Qh4 Re8 22. Bh3 h5 23. gxh5 Bxh3 24. hxg6 fxg6 25. f7+ Kf8 26. Qxh8+ 1-0

[Event "Recife Dokmus op"]
[Site "Recife"]
[Date "2013.01.17"]
[Round "1"]
[White "De Soares, Leonardo Colares"]
[Black "Rocha, Vitor Firmo de Souz"]
[Result "0-1"]
[WhiteElo "2204"]
[BlackElo "1970"]
[PlyCount "30"]
[EventDate "2013.01.17"]
[EventType "swiss"]
[EventRounds "7"]
[EventCountry "BRA"]
[SourceTitle "CBM 152 Extra"]
[Source "ChessBase"]
[SourceDate "2013.02.25"]
[SourceVersion "1"]
[SourceVersionDate "2013.02.25"]
[SourceQuality "1"]

1. d4 f5 2. Nf3 Nf6 3. c4 e6 4. Nc3 Bb4 5. a3 Bxc3+ 6. bxc3 0-0 7. Bg5 h6 8. Bf4 g5 9. Bd2 b6 10. h4 g4 11. Ne5 Kh7 12. f3 Nh5 13. fxg4 Ng3 14. Rh3 Nxf1 15. Bc1 d6 0-1